00987nam a2200265 i 45000010005000000030009000050050017000140070003000310080041000340200018000750800014000930800018001072450138001252600055002633000022003186000032003406500036003727000032004087000032004407000034004727000033005068520045005399990015005849520122005997958ES-MaACL20230906145340.0t|910614s1985 fr ||||1| fre d a2-7116-0883-2 a1(09)(04) a1 Goldschmidt00aHistoire et structure b: a la memoire de Victor Goldschmidt / cetudes reunies par Jacques Brunschwig, Claude Imbert et Alain Roger. aParis : bLibrairie Philosophique J. Vrin, c1985. a334 p. ; c24 cm.14aGoldschmidt, Victor.957680 4aFilosofía-vHistoria.91582481 aGoldschmidt, Victor.9576800 aBrunschwig, Jacques.9322091 aImbert, Claude, edir.9652091 aRoger, Alain, edir.9195577 aES-MaACLjL-15211 bR.113795 z. - rust. c7958d7958 00104070aATENEOMbATENEOMcDEPO2d2008-01-17eSCl0oL-15211p1008115r2023-02-23 00:00:00w2023-02-23yMONOGRAFIA